Historické korene Trianonu, maďarský revizionizmus a slovensko-maďarské vzťahy po roku 1989

Historické korene Trianonu a súčasnosť. Maďarská politika revízie Trianonu. Slovensko – maďarské vzťahy po roku 1989. Stratégia do roku 2013 a vízia do roku 2030.

Na minha lista:
Detalhes bibliográficos
Autor principal: Hronský, Marián
Formato: Capítulo de Livro
Idioma:eslovaco
Assuntos:
Tags: Adicionar Tag
Sem tags, seja o primeiro a adicionar uma tag!

MARC

LEADER 00000nla$a2200000$$$4500
001 0080535
005 20221207083711.7
041 0 |a slo 
044 |a SK 
245 1 0 |a Historické korene Trianonu, maďarský revizionizmus a slovensko-maďarské vzťahy po roku 1989  |c Marián Hronský 
520 |a Historické korene Trianonu a súčasnosť. Maďarská politika revízie Trianonu. Slovensko – maďarské vzťahy po roku 1989. Stratégia do roku 2013 a vízia do roku 2030. 
610 2 0 |a politika 
610 2 0 |a Maďarsko 
610 2 0 |a Slovinsko 
610 2 0 |a Slovensko 
610 2 0 |a vzťahy medzinárodné 
610 2 0 |a história 
100 1 |a Hronský, Marián